[Event "Mittelrhein Verbandsliga Sued 1920"]
[Site "Mittelrhein"]
[Date "2020.01.19"]
[Round "5.8"]
[White "Antonioli, Vladimir"]
[Black "Schulte Geers, Ernst"]
[Result "0-1"]
[WhiteElo "1789"]
[BlackElo "1991"]
[PlyCount "54"]
[EventDate "2019.09.29"]
[EventType "team-tourn"]
[EventRounds "9"]
[EventCountry "GER"]
[SourceTitle "EXT 2023"]
[Source "ChessBase"]
[SourceDate "2022.10.05"]
[SourceVersion "1"]
[SourceVersionDate "2022.10.05"]
[SourceQuality "1"]
[WhiteTeam "Bonn Stadtverwaltung II"]
[BlackTeam "Godesberg III"]
[WhiteTeamCountry "GER"]
[BlackTeamCountry "GER"]

1. e4 c5 2. Nc3 Nc6 3. d3 g6 4. g3 Bg7 5. Bg2 e6 6. Be3 d6 7. Qd2 Nd4 8. Nd1 Ne7 9. c3 Ndc6 10. Bh6 0-0 11. Bxg7 Kxg7 12. Ne3 Rb8 13. h4 h6 14. f4 d5 15. h5 dxe4 16. Bxe4 f5 17. Bf3 g5 18. fxg5 hxg5 19. h6+ Kh7 20. 0-0-0 g4 21. Bxc6 Nxc6 22. Ne2 b5 23. Qc2 e5 24. Kb1 Qg5 25. Ng2 Be6 26. d4 Bd5 27. Rhg1 Be4 0-1

[Event "Mittelrhein Verbandsliga-N 18/19"]
[Site "Nordrheinwestfalen"]
[Date "2019.04.07"]
[Round "9.8"]
[White "Schulte Geers, Ernst"]
[Black "Beck, Adrian"]
[Result "1/2-1/2"]
[WhiteElo "1994"]
[BlackElo "1674"]
[PlyCount "44"]
[EventDate "2018.09.02"]
[EventType "team-tourn"]
[EventRounds "12"]
[EventCountry "GER"]
[SourceTitle "EXT 2022"]
[Source "ChessBase"]
[SourceDate "2021.10.06"]
[SourceVersion "1"]
[SourceVersionDate "2021.10.06"]
[SourceQuality "1"]
[WhiteTeam "Godesberg III"]
[BlackTeam "Baumberg"]
[WhiteTeamCountry "GER"]
[BlackTeamCountry "GER"]

1. e4 e5 2. Nf3 Nc6 3. Bb5 a6 4. Ba4 Bc5 5. 0-0 b5 6. Bb3 Qf6 7. c3 Bb7 8. d4 Bd6 9. Bg5 Qg6 10. Nbd2 f6 11. dxe5 Nxe5 12. Nxe5 Bxe5 13. f4 Bd6 14. Bh4 0-0-0 15. Bc2 Bc5+ 16. Kh1 Re8 17. b4 Bb6 18. Bf2 Bxf2 19. Rxf2 Ne7 20. a4 f5 21. axb5 Qb6 22. Qf1 axb5 1/2-1/2

[Event "Mittelrhein Verbandsliga-N 18/19"]
[Site "Nordrheinwestfalen"]
[Date "2019.01.20"]
[Round "6.8"]
[White "Nerowski, Bernhard"]
[Black "Schulte Geers, Ernst"]
[Result "0-1"]
[WhiteElo "1583"]
[BlackElo "1994"]
[PlyCount "96"]
[EventDate "2018.09.02"]
[EventType "team-tourn"]
[EventRounds "12"]
[EventCountry "GER"]
[SourceTitle "EXT 2022"]
[Source "ChessBase"]
[SourceDate "2021.10.06"]
[SourceVersion "1"]
[SourceVersionDate "2021.10.06"]
[SourceQuality "1"]
[WhiteTeam "Dormagen SV"]
[BlackTeam "Godesberg III"]
[WhiteTeamCountry "GER"]
[BlackTeamCountry "GER"]

1. d4 Nf6 2. c4 e6 3. Nc3 Bb4 4. Qc2 0-0 5. Nf3 b6 6. e3 Bb7 7. Be2 Bxc3+ 8. Qxc3 Ne4 9. Qc2 f5 10. 0-0 d6 11. Ne1 Nd7 12. f3 Nef6 13. Bd2 Qe7 14. Nd3 c5 15. a4 a5 16. Be1 Rae8 17. Rd1 e5 18. dxe5 dxe5 19. Nc1 e4 20. Bg3 Ne5 21. f4 Nc6 22. Na2 Rd8 23. Qb3 Nb4 24. h3 Qf7 25. Nc3 Qg6 26. Bf2 Nh5 27. Rxd8 Rxd8 28. Rd1 Re8 29. Nb5 Nd3 30. Qc3 Ng3 31. Bf1 Nxf1 32. Kxf1 Re7 33. Qd2 Bc6 34. Nc3 Rd7 35. Qe2 Qe6 36. b3 Qf6 37. Na2 Rd8 38. Nc1 Nxc1 39. Rxc1 Rd3 40. Qc2 Qd6 41. Ke2 Be8 42. Rg1 Qf6 43. Be1 Bh5+ 44. g4 fxg4 45. hxg4 Qg6 46. Bc3 Bxg4+ 47. Kf2 Qh5 48. Qb2 Qh4+ 0-1

[Event "Mittelrhein Regionalliga 16/17"]
[Site "Nordrheinwestfalen"]
[Date "2017.04.09"]
[Round "10.1"]
[White "Schulte Geers, Ernst"]
[Black "Wimmer, Juergen"]
[Result "0-1"]
[WhiteElo "1999"]
[BlackElo "2211"]
[PlyCount "42"]
[EventDate "2016.09.11"]
[EventType "team-tourn"]
[EventRounds "11"]
[EventCountry "GER"]
[SourceTitle "EXT 2022"]
[Source "ChessBase"]
[SourceDate "2021.10.06"]
[SourceVersion "1"]
[SourceVersionDate "2021.10.06"]
[SourceQuality "1"]
[WhiteTeam "Godesberg III"]
[BlackTeam "Dormagen SV"]
[WhiteTeamCountry "GER"]
[BlackTeamCountry "GER"]

1. e4 d6 2. d4 Nf6 3. Nc3 g6 4. f3 c6 5. Bc4 b5 6. Bb3 Nbd7 7. Be3 Bg7 8. Qd2 a5 9. a3 0-0 10. Rd1 Ba6 11. Nge2 Qc7 12. h4 b4 13. Nb1 c5 14. Ba2 Rab8 15. b3 cxd4 16. Nxd4 d5 17. Kf2 dxe4 18. h5 e5 19. Ne2 exf3 20. gxf3 Nc5 21. hxg6 Nce4+ 0-1

[Event "Mittelrhein Verbandsliga Ost 1415"]
[Site "Mittelrhein"]
[Date "2014.11.09"]
[Round "4.3"]
[White "Schulte Geers, Ernst"]
[Black "Pilgram, Alexander"]
[Result "1/2-1/2"]
[WhiteElo "1964"]
[BlackElo "2009"]
[PlyCount "65"]
[EventDate "2014.09.07"]
[EventType "team-tourn"]
[EventRounds "11"]
[EventCountry "GER"]
[SourceTitle "EXT 2023"]
[Source "ChessBase"]
[SourceDate "2022.10.05"]
[SourceVersion "1"]
[SourceVersionDate "2022.10.05"]
[SourceQuality "1"]
[WhiteTeam "Godesberg IV"]
[BlackTeam "Koeln Porz III"]
[WhiteTeamCountry "GER"]
[BlackTeamCountry "GER"]

1. e4 g6 2. d4 c6 3. Nf3 Bg7 4. Be2 d6 5. 0-0 Nf6 6. Nc3 0-0 7. h3 b5 8. a3 Bb7 9. Be3 a5 10. Bd3 Nbd7 11. e5 Ne8 12. exd6 Nxd6 13. Qd2 Re8 14. Bh6 Bh8 15. Bf4 Qb6 16. Ne4 c5 17. dxc5 Nxc5 18. Nxd6 exd6 19. Rfe1 Bxf3 20. gxf3 Bxb2 21. Rxe8+ Rxe8 22. Rb1 Na4 23. Bf1 Rd8 24. Bg5 Rc8 25. Rxb2 Nxb2 26. Bf6 d5 27. Bxb2 b4 28. axb4 Qxb4 29. Qxb4 axb4 30. Bd3 f5 31. f4 Kf7 32. Kg2 Ra8 33. Bd4 1/2-1/2

[Event "Mittelrhein Regionalliga 1314"]
[Site "Mittelrhein"]
[Date "2013.11.10"]
[Round "3.7"]
[White "Guefen, Daniel"]
[Black "Schulte Geers, Ernst"]
[Result "1-0"]
[WhiteElo "1959"]
[BlackElo "1989"]
[PlyCount "58"]
[EventDate "2013.09.15"]
[EventType "team-tourn"]
[EventRounds "11"]
[EventCountry "GER"]
[SourceTitle "EXT 2023"]
[Source "ChessBase"]
[SourceDate "2022.10.05"]
[SourceVersion "1"]
[SourceVersionDate "2022.10.05"]
[SourceQuality "1"]
[WhiteTeam "Gruenfeld"]
[BlackTeam "Godesberg III"]
[WhiteTeamCountry "GER"]
[BlackTeamCountry "GER"]

1. e4 c5 2. Nf3 Nc6 3. Bb5 e6 4. 0-0 Qc7 5. c3 a6 6. Ba4 b5 7. Bc2 e5 8. a4 Bb7 9. Na3 bxa4 10. Re1 Nf6 11. Bxa4 d6 12. d4 Nd7 13. Bg5 h6 14. Bh4 g5 15. Bg3 Be7 16. Nc4 f6 17. Ne3 h5 18. Nd5 Qd8 19. h4 g4 20. Nd2 cxd4 21. f3 dxc3 22. bxc3 Nc5 23. Rb1 Rc8 24. fxg4 Nxa4 25. Qxa4 Qa5 26. Qb3 Nd8 27. Nc4 Bxd5 28. Nxa5 Bxb3 29. Rxb3 Rg8 1-0

[Event "Regionalliga Mittelrhein 1213"]
[Site "Germany"]
[Date "2012.12.02"]
[Round "5.5"]
[White "Hoeren, Andreas"]
[Black "Schulte Geers, Ernst"]
[Result "1/2-1/2"]
[WhiteElo "2114"]
[BlackElo "2004"]
[PlyCount "58"]
[EventDate "2012.09.09"]
[EventType "team"]
[EventRounds "11"]
[EventCountry "GER"]
[SourceTitle "EXT 2015"]
[Source "ChessBase"]
[SourceDate "2014.11.20"]
[SourceVersion "1"]
[SourceVersionDate "2014.11.20"]
[SourceQuality "1"]
[WhiteTeam "Koeln Lasker"]
[BlackTeam "Godesberg IV"]
[WhiteTeamCountry "GER"]
[BlackTeamCountry "GER"]

1. d4 Nf6 2. c4 e6 3. Nc3 Bb4 4. e3 0-0 5. Nge2 b6 6. a3 Bxc3+ 7. Nxc3 Bb7 8. d5 d6 9. Be2 Nbd7 10. 0-0 a5 11. b3 Re8 12. Bb2 Nc5 13. b4 Ncd7 14. Qd4 Qe7 15. Rad1 axb4 16. axb4 exd5 17. cxd5 Ba6 18. Bxa6 Rxa6 19. Qc4 Raa8 20. Nb5 Rec8 21. Ra1 Rxa1 22. Rxa1 Ne5 23. Qd4 Ne8 24. Qe4 Qd7 25. Na7 Nf6 26. Qd4 Ra8 27. f4 Ng6 28. Nc6 Rxa1+ 29. Bxa1 Qf5 1/2-1/2

[Event "Regionalliga Mittelrhein 1213"]
[Site "Germany"]
[Date "2012.10.21"]
[Round "3.5"]
[White "Blagojevic, Lubo"]
[Black "Schulte Geers, Ernst"]
[Result "1-0"]
[WhiteElo "2002"]
[BlackElo "2004"]
[PlyCount "85"]
[EventDate "2012.09.09"]
[EventType "team"]
[EventRounds "11"]
[EventCountry "GER"]
[SourceTitle "EXT 2015"]
[Source "ChessBase"]
[SourceDate "2014.11.20"]
[SourceVersion "1"]
[SourceVersionDate "2014.11.20"]
[SourceQuality "1"]
[WhiteTeam "Wuerselen"]
[BlackTeam "Godesberg IV"]
[WhiteTeamCountry "GER"]
[BlackTeamCountry "GER"]

1. e4 c5 2. Nf3 Nc6 3. d4 cxd4 4. Nxd4 Nf6 5. Nxc6 bxc6 6. Bd3 d6 7. 0-0 g6 8. Kh1 Bg7 9. Nc3 0-0 10. Ne2 Qc7 11. f4 c5 12. c4 Bb7 13. Nc3 e6 14. Rb1 Bc6 15. Qe1 Rab8 16. b3 Qb7 17. Bb2 d5 18. cxd5 exd5 19. Nxd5 Nxd5 20. Bxg7 Kxg7 21. exd5 Bxd5 22. Qc3+ f6 23. Rf2 Rbc8 24. Bc4 Rcd8 25. Re1 Rfe8 26. Rxe8 Rxe8 27. h3 Bxc4 28. Qxc4 Re1+ 29. Kh2 Qb4 30. Rc2 Qxc4 31. Rxc4 Re2 32. a4 Re3 33. Rxc5 Rxb3 34. Rc7+ Kh6 35. Rxa7 f5 36. h4 Ra3 37. g3 Kh5 38. Kh3 h6 39. Ra5 Rb3 40. Re5 Rd3 41. a5 Ra3 42. a6 g5 43. hxg5 1-0

[Event "Mittelrhein Verbandsliga-O 1112"]
[Site "Germany"]
[Date "2011.10.09"]
[Round "2"]
[White "Schulte Geers, Ernst"]
[Black "Utler, Patrick"]
[Result "0-1"]
[WhiteElo "2005"]
[BlackElo "1975"]
[PlyCount "69"]
[EventDate "2011.09.18"]
[EventType "team-tourn"]
[EventRounds "11"]
[EventCountry "GER"]
[SourceTitle "EXT 2013"]
[Source "ChessBase"]
[SourceDate "2012.11.22"]
[SourceVersion "1"]
[SourceVersionDate "2012.11.22"]
[SourceQuality "1"]
[WhiteTeam "Godesberg IV"]
[BlackTeam "Bonn Stadtverwaltung"]
[WhiteTeamCountry "GER"]
[BlackTeamCountry "GER"]

1. e4 c5 2. Nf3 e6 3. d4 cxd4 4. Nxd4 Nf6 5. Nc3 Nc6 6. Nxc6 bxc6 7. e5 Nd5 8. Ne4 Qa5+ 9. Bd2 Qb6 10. Bc1 Qa5+ 11. Qd2 Nb4 12. Kd1 Qxe5 13. Nc3 Be7 14. f4 Qc7 15. a3 Nd5 16. Nxd5 cxd5 17. Bd3 Bb7 18. Qe2 0-0 19. Re1 d4 20. Qf2 Bf6 21. g4 g6 22. f5 Qd8 23. Rf1 e5 24. g5 Bxg5 25. f6 Bxc1 26. Kxc1 Kh8 27. Qh4 Rg8 28. Rg1 e4 29. Rg3 Qf8 30. Rh3 Rg7 31. fxg7+ Qxg7 32. Bxe4 d5 33. Bd3 Re8 34. b3 Bc8 35. Rf3 0-1

[Event "Regionalliga Mittelrhein 1011"]
[Site "Germany"]
[Date "2011.03.20"]
[Round "7.8"]
[White "Schwenzer, Michael"]
[Black "Schulte Geers, Ernst"]
[Result "1/2-1/2"]
[WhiteElo "1852"]
[BlackElo "2013"]
[PlyCount "70"]
[EventDate "2010.10.24"]
[EventType "team"]
[EventRounds "9"]
[EventCountry "GER"]
[SourceTitle "EXT 2015"]
[Source "ChessBase"]
[SourceDate "2014.11.20"]
[SourceVersion "1"]
[SourceVersionDate "2014.11.20"]
[SourceQuality "1"]
[WhiteTeam "Aachen PTSV"]
[BlackTeam "Godesberg III"]
[WhiteTeamCountry "GER"]
[BlackTeamCountry "GER"]

1. e4 c5 2. Nf3 Nc6 3. d4 cxd4 4. Nxd4 Nf6 5. Nc3 d6 6. Be3 Ng4 7. Qd2 Nxe3 8. Qxe3 e6 9. Nxc6 bxc6 10. Be2 Be7 11. 0-0 0-0 12. Rad1 Qc7 13. Kh1 Rb8 14. b3 d5 15. f4 f5 16. e5 c5 17. Nb1 Qa5 18. a3 Ba6 19. Nd2 Bxe2 20. Qxe2 Rfc8 21. g4 Rf8 22. Rg1 g6 23. g5 Rfc8 24. Ra1 Qb6 25. Rg3 Bf8 26. h4 Kf7 27. h5 Bg7 28. Rd1 Qc6 29. Kh2 a5 30. Nf3 a4 31. Nh4 Ra8 32. Rh3 Rh8 33. Ra1 Rab8 34. Rc3 Rhc8 35. Rh3 Rh8 1/2-1/2